Dżakarta - quiz wielokrotnego wyboru - Statystyki

Ogólne statystyki
  • Ten quiz został rozwiązany 498 razy
    495 od ostatniego zresetowania
  • Średni wynik to 6 z 10
Statystyki odpowiedzi
Zagadnienie Odpowiedź % Poprawnych
Która europejska potęga skolonizowała Dżakartę? Holandia
86%
Na jakiej wyspie znajduje się Dżakarta? Jawa
79%
Jaka jest religia większości mieszkańców Dżakarty? Islam
76%
Co dzieje się z północną częścią Dżakarty? Tonie
74%
Które miasto ma zastąpić Dżakartę w roli stolicy Indonezji? Nusantara
53%
Jaka mniejszość, dominująca na rynku stanowi około 6% populacji Dżakarty? Chińczycy
48%
Jak nazywała się Dżakarta w czasach kolonialnych? Batavia
39%
Które z tych miejsc znajduje się w Dżakarcie? Najwyższy budynek na półkuli południowej
36%
Który z tych sosów jest typowy dla kuchni Dżakarty? Sos orzechowy
33%
Jaki jest przydomek Dżakarty? Duży Durian
28%
Nie znaleziono quizów pasujących do podanych kryteriów
Rozkład punktacji
Procent ludzi z każdym wynikiem
Percentyl według liczby udzielonych odpowiedzi
Twoja historia wyników
Nie rozwiązałeś tego quizu od ostatniego zresetowania